00349nam a2200121 a 450000500170000000800410001705000220005810000180008024500260009826000300012444000310015465000420018520140414131846.0100701s19uu xx 00 eng d aM 292.1bB57 1995 aBlaisdel, Bob aFavorite greek myths. aNew York :bDover,c1995. aChildren's Thrift Classics aMythology, GreekxJuvenile literature